İçeriği atla
Inicio
Centros participantes
Catálogo
Servicios
Contacto
Giriş
English
Deutsch
Español
Français
Italiano
日本語
Nederlands
Português
Português (Brasil)
中文(简体)
中文(繁體)
Türkçe
עברית
Gaeilge
Cymraeg
Ελληνικά
Català
Euskara
Русский
Čeština
Suomi
Svenska
polski
Dansk
slovenščina
اللغة العربية
বাংলা
Galego
Tiếng Việt
Hrvatski
हिंदी
Հայերէն
Українська
Sámegiella
Dil
Tüm Alanlar
Materyal Adı
Yazar
Konu
Yer Numarası
ISBN/ISSN
Etiket
Ara
Gelişmiş
El Salvador 1981-1984: como el...
Alıntıla
E-posta Gönder
Yazdır
Kaydı İhraç Et
İhraç Et RefWorks
İhraç Et EndNoteWeb
İhraç Et EndNote
Favorilerime ekle
Kalıcı bağlantı
İlk derecelendirmeyi ekleyin
El Salvador 1981-1984: como el diálogo y la negociación no se oponen a la lucha armada revolucionaria y a la lucha política de las masas
Kaydedildi:
Detaylı Bibliyografya
Yazar:
Lungo Uclés, Mario
Materyal Türü:
Metin
Baskı/Yayın Bilgisi:
s.l.:
s.e.
Etiketler:
Etiketle
Etiket eklenmemiş, İlk siz ekleyin!
Erişim Bilgileri
Diğer Bilgiler
Yorumlar
Benzer Materyaller
MARC Görünümü
MARC
LEADER
00000 a a2200000 04500
001
21671
003
040
090
|a
096600
100
|a
Lungo Uclés, Mario
245
|a
El Salvador 1981-1984: como el diálogo y la negociación no se oponen a la lucha armada revolucionaria y a la lucha política de las masas
260
|a
s.l.:
|b
s.e.
300
|a
20 p.
999
|c
13479
|d
13479
Benzer Materyaller
El Futuro de los pueblos centroamericanos a la luz del desarrollo de las fuerzas productivas: condiciones, determinantes y tendencias
Yazar:: Saxe Fernández, Eduardo E.
Geopolítica e intereses estratégicos en Centroamérica y el Caribe
Yazar:: Insulza, José Miguel
La percepción del problema de la contaminación ambiental por la población costarricense
Yazar:: Gómez Barrantes, Miguel
The Miskitu conflict on the Atlantic coast of Nicaragua
Yazar:: Bourgois Irwin, Phillippe
Hacia una acción común en ciencia y tecnología en América Central
Yazar:: Araoz, Alberto